Statistiken für Alle Öfb-Cup Sieger seit 1919

Klicken Sie hier um das Quiz zu spielen!

Allgemein

  • Dieses Quiz wurde 24 mal gespielt
  • Das Durchschnittsergebnis liegt bei 70 aus 87

Antwortstatistiken

HintAntwort% Korrekt
1919Rapid Wien
100%
1983Rapid Wien
100%
1946Rapid Wien
100%
1927Rapid Wien
100%
1961Rapid Wien
100%
1987Rapid Wien
100%
1995Rapid Wien
100%
1984Rapid Wien
100%
1985Rapid Wien
100%
1972Rapid Wien
100%
1976Rapid Wien
100%
1968Rapid Wien
100%
1920Rapid Wien
100%
1969Rapid Wien
100%
1974Austria Wien
95%
1994Austria Wien
95%
1960Austria Wien
95%
1992Austria Wien
95%
1967Austria Wien
95%
1990Austria Wien
95%
1982Austria Wien
95%
1963Austria Wien
95%
1986Austria Wien
95%
1977Austria Wien
95%
1980Austria Wien
95%
1962Austria Wien
95%
1948Austria Wien
95%
1949Austria Wien
95%
2007Austria Wien
95%
1921Austria Wien
95%
1936Austria Wien
95%
1925Austria Wien
95%
2009Austria Wien
95%
1924Austria Wien
95%
2006Austria Wien
95%
2005Austria Wien
95%
1926Austria Wien
95%
2003Austria Wien
95%
1933Austria Wien
95%
1935Austria Wien
95%
1971Austria Wien
95%
2012RB Salzburg
95%
2014RB Salzburg
95%
2015RB Salzburg
95%
2022RB Salzburg
95%
2016RB Salzburg
95%
2017RB Salzburg
95%
2019RB Salzburg
95%
2020RB Salzburg
95%
2021RB Salzburg
95%
2023Sturm Graz
91%
1999Sturm Graz
91%
2018Sturm Graz
91%
2010Sturm Graz
91%
1997Sturm Graz
91%
1996Sturm Graz
91%
1965Linzer ASK
86%
1993Wacker Innsbruck
82%
1970Wacker Innsbruck
82%
1973Wacker Innsbruck
82%
1989Wacker Innsbruck
82%
1978Wacker Innsbruck
82%
1975Wacker Innsbruck
82%
1979Wacker Innsbruck
82%
2004Grazer AK
73%
1981Grazer AK
73%
2000Grazer AK
73%
2002Grazer AK
73%
1930First Vienna
64%
1929First Vienna
64%
2011SV Ried
64%
1998SV Ried
64%
1966Admira Wien
55%
1928Admira Wien
55%
1964Admira Wien
55%
1934Admira Wien
55%
1932Admira Wien
55%
2013FC Pasching
45%
2001FC Kärnten
27%
1988Kremser SC
27%
1991SV Stockerau
14%
1923Wiener Sport-Club
14%
1947Wacker Wien
9%
1931Wiener AC
5%
1938Wiener AC
5%
1959Wiener AC
5%
1922Wiener AF
0%

Verteilung der Resultate

Perzentil nach korrekt beantworteten Fragen

Anzahl Personen mit jedem Resultat

Ihre Resultats-Entwicklung

Sie haben dieses Quiz noch nicht gespielt